000 00622cab a2200229 4500
001 WB3308-40
008 090401t1997 xxu||||| |||| 00| 0 eng d
035 _a(Sirsi) u55683
041 _aeng
245 _aCountryside Stewardship scheme
260 _c1997
350 _a0
490 _aMAFF News Release
_v(50/97) 17 February 1997 (3)
520 _aIncreased payments are announced for the Countryside Stewardship scheme.
650 _aCOUNTRYSIDE STEWARDSHIP SCHEME
650 _aFARMERS
650 _aLAND MANAGERS
650 _aPAYMENTS
690 _aRURAL PRACTICE
942 _n0
948 _c04/03/1997
999 _c34039
_d34039